Erkennen sie den Minecraft Block - Statistiken

Allgemein
  • Dieses Quiz wurde 106 mal gespielt
  • Das Durchschnittsergebnis liegt bei 8 aus 16
Antwortstatistiken
Bildquiz Antwort % Korrekt
Goldblock
92%
Ofen
83%
Diamanterz
77%
Werkbank
76%
Grasblock
72%
Ziegelstein
62%
Kohleblock
57%
Roter Sand
52%
Leuchtstein
49%
Quarzblock
49%
Ton
47%
Netherrack
44%
Gemeißelter Sandstein
20%
Getöntes Glas
20%
Keramik
18%
Türkise Keramik
5%
Keine übereinstimmenden Quizze gefunden
Verteilung der Resultate
Anzahl Personen mit jedem Resultat
Perzentil nach korrekt beantworteten Fragen
Ihre Resultats-Entwicklung
Sie haben dieses Quiz noch nicht gespielt